| 000 | 00518nam a22001937a 4500 | ||
|---|---|---|---|
| 003 | OSt | ||
| 005 | 20220107122755.0 | ||
| 008 | 140827b xxu||||| |||| 00| 0 eng d | ||
| 020 | _a9781496086266 | ||
| 040 | _cIIITM-K | ||
| 082 | _a005.74 VAS/D | ||
| 100 |
_aVasu, V _95765 |
||
| 245 |
_aDatabase systems and applications: _bComputer applications _cby V Vasu |
||
| 260 |
_aU.S.A, _bCreatespace, _c2014. |
||
| 300 | _a167p. | ||
| 650 |
_aCOMPUTER SCIENCE _95766 |
||
| 650 |
_aDATABASE SYSTEMS _95767 |
||
| 942 |
_2ddc _cBK |
||
| 999 |
_c4454 _d4454 |
||